Vista normal Vista MARC

Entrada Materia (personas)

Número de registros utilizados en: 3

001 - CONTROL NUMBER

  • control field: 29309

003 - CONTROL NUMBER IDENTIFIER

  • control field: Co-BoUCM

005 - DATE AND TIME OF LATEST TRANSACTION

  • control field: 20130219092024.0

008 - FIXED-LENGTH DATA ELEMENTS

  • fixed length control field: 130219|| aca||aabn | a|a d

040 ## - CATALOGING SOURCE

  • Original cataloging agency: Co-BoUCM
  • Transcribing agency: Co-BoUCM

100 ## - HEADING--PERSONAL NAME

  • Personal name: Molina, Luis de
  • Dates associated with a name: 1535-1600

670 ## - SOURCE DATA FOUND

  • Source citation: Work cat.: (Co-BoUCM)164912: Molina, Luis de 1535-1600 , R.P. Ludovici Molinae, ... De Iustitia et Iure opera omnia, tractatibus quinque ... , 1759